[Event "POL-chT 1st League 2020"]
[Site "Ustron"]
[Date "2020.09.07"]
[Round "3.14"]
[White "Pacan-Milej, Kosma"]
[Black "Lewtak, Damian"]
[Result "1/2-1/2"]
[WhiteElo "2420"]
[BlackElo "2377"]
[Annotator "TA"]
[PlyCount "92"]
[EventDate "2020.09.05"]
[EventType "team-tourn"]
[EventCountry "POL"]
[SourceTitle "playchess.com"]
[Source "ChessBase"]
[SourceQuality "1"]
[WhiteTeam "UKS RODLO Opole"]
[BlackTeam "Gostmat Gostynin"]
[WhiteTeamCountry "POL"]
[BlackTeamCountry "POL"]

{[%evp 17,92,14,5,0,14,0,8,16,12,8,24,22,22,22,22,12,12,10,8,0,12,8,22,0,0,0,0,-18,0,-25,-27,-9,0,0,0,0,0,0,0,-14,-14,-26,-34,-29,-5,0,0,-12,0,0,0,0,0,0,0,-3,0,0,0,0,0,0,0,0,0,0,0,0,0,0,0,0,0,0,0,0,0]} 1. d4 d5 2. c4 c6 3. Nf3 Nf6 4. Qb3 dxc4 5. Qxc4 Bf5 6. g3 Nbd7 7. Bg2 e6 8. O-O Be7 9. Qb3 Qb6 10. Nbd2 {D23: Queen's Gambit Accepted: 3 Nf3 Nf6 sidelines.} Qxb3 11. axb3 O-O 12. Nc4 Be4 13. Bf4 Nd5 14. Bd6 a6 15. Bxe7 Nxe7 {[#]} 16. Nfd2 $146 ({Predecessor:} 16. Nd6 Bxf3 17. Bxf3 Rab8 18. Nc4 Nd5 19. Rfd1 Nc7 20. e3 Rfd8 21. Kg2 Kf8 22. h4 {1-0 (91) Mirzoev,A (2457)-Thakur,A (2300) Mumbai 2019}) 16... Bxg2 17. Kxg2 Rfd8 18. Ne4 Rab8 19. Rfd1 Nd5 20. e3 Kf8 21. Kf3 Ke7 22. g4 N5f6 23. g5 Nxe4 24. Kxe4 h6 25. h4 hxg5 26. hxg5 Rh8 27. Rh1 c5 28. d5 {[#] aiming for d6+.} f5+ 29. Kf4 {Threatens to win with d6+.} exd5 30. Ne5 Ke6 31. Nxd7 {The position is equal.} Kxd7 $11 {[%mdl 4096] Endgame KRR-KRR} 32. Ke5 Kc6 33. Rxh8 Rxh8 {KR-KR} 34. Rf1 Rf8 35. f4 g6 36. Ke6 Rd8 {[#] White must now prevent ...d4.} 37. b4 $1 {[%mdl 512]} b6 (37... cxb4 38. Rc1+) 38. bxc5 bxc5 39. Ra1 d4 40. exd4 cxd4 {Strongly threatening ...d3.} 41. Rxa6+ Kb5 42. Ra1 d3 {Hoping for ...d2.} 43. Kf6 Rd4 44. Kxg6 Rxf4 45. Kf6 Rf2 46. g6 Rxb2 {Not much happened in this game. Accuracy: White = 96%, Black = 100%.} 1/2-1/2

[Event "POL-chT 1st League 2020"]
[Site "Ustron"]
[Date "2020.09.07"]
[Round "3.15"]
[White "Budrewicz, Krzysztof"]
[Black "Licznerski, Lukasz"]
[Result "0-1"]
[WhiteElo "2227"]
[BlackElo "2377"]
[Annotator "ChessBase"]
[PlyCount "134"]
[EventDate "2020.09.05"]
[EventType "team-tourn"]
[EventCountry "POL"]
[SourceTitle "playchess.com"]
[Source "ChessBase"]
[SourceQuality "1"]
[WhiteTeam "Gostmat Gostynin"]
[BlackTeam "UKS RODLO Opole"]
[WhiteTeamCountry "POL"]
[BlackTeamCountry "POL"]
[TimeControl "40/5400+30:1800+30"]

1. d4 {[%emt 0:00:00]} Nf6 {[%emt 0:01:14]} 2. c4 {[%emt 0:00:00]} c5 {[%emt 0:00:15]} 3. d5 {[%emt 0:00:26]} b5 {[%emt 0:00:06]} 4. Nd2 {[%emt 0:00:42]} d6 {[%emt 0:09:28]} 5. e4 {[%emt 0:01:00]} g6 {[%emt 0:00:04]} 6. cxb5 {[%emt 0:00:34]} a6 {[%emt 0:00:27]} 7. a4 {[%emt 0:00:22]} Bg7 {[%emt 0:05:22]} 8. Ngf3 {[%emt 0:02:02]} O-O {[%emt 0:02:18]} 9. Ra3 {[%emt 0:02:47]} Nbd7 {[%emt 0:08:58]} 10. Be2 {[%emt 0:06:25]} Ne8 {[%emt 0:00:47]} 11. O-O {[%emt 0:22:30]} Nc7 {[%emt 0:07:50]} 12. bxa6 {[%emt 0:01:44]} Bxa6 {[%emt 0:01:45]} 13. Bxa6 {[%emt 0:00:46]} Nxa6 {[%emt 0:00:18]} 14. Nc4 {[%emt 0:01:03]} Nb6 {[%emt 0:01:24]} 15. Ne3 {[%emt 0:01:38]} Nb4 {[%emt 0:06:45]} 16. a5 {[%emt 0:12:01]} Nd7 {[%emt 0:01:29]} 17. Nc4 {[%emt 0:00:20]} Qb8 {[%emt 0:14:22]} 18. Bg5 {[%emt 0:13:54]} Qb5 {[%emt 0:00:27]} 19. b3 {[%emt 0:00:09]} Nf6 {[%emt 0:01:36]} 20. Re1 {[%emt 0:00:38]} h6 {[%emt 0:01:29]} 21. Bc1 {[%emt 0:00:18]} Ra6 {[%emt 0:03:19]} 22. Bb2 {[%emt 0:01:02]} Re8 {[%emt 0:01:13]} 23. Qd2 {[%emt 0:00:52]} e6 {[%emt 0:03:02]} 24. Bxf6 {[%emt 0:07:42]} Bxf6 {[%emt 0:00:02]} 25. e5 {[%emt 0:00:07]} dxe5 {[%emt 0:05:45]} 26. d6 {[%emt 0:00:31]} Rd8 {[%emt 0:14:41]} 27. Nfxe5 {[%emt 0:03:26]} Bg5 {[%emt 0:00:50]} 28. Qe2 {[%emt 0:04:18]} Qb7 {[%emt 0:01:18]} 29. g3 {[%emt 0:03:16]} Bf6 {[%emt 0:00:22]} 30. f4 {[%emt 0:05:04]} Nc6 {[%emt 0:01:25]} 31. Qe4 {[%emt 0:02:15]} Qb5 {[%emt 0:02:17]} 32. Nxc6 {[%emt 0:02:47]} Rxc6 {[%emt 0:00:05]} 33. Rd1 {[%emt 0:00:59]} Ra6 {[%emt 0:00:53]} 34. Rd3 {[%emt 0:00:29]} h5 {[%emt 0:01:46]} 35. Ra2 {[%emt 0:00:52]} Qb4 {[%emt 0:02:32]} 36. Ra4 {[%emt 0:00:38]} Qb5 {[%emt 0:00:10]} 37. Ra2 {[%emt 0:00:27]} Qb4 {[%emt 0:00:15]} 38. Ra4 {[%emt 0:00:13]} Qb5 {[%emt 0:00:07]} 39. Kg2 {[%emt 0:00:07]} Rb8 {[%emt 0:02:28]} 40. Kf3 {[%emt 0:00:00]} Kf8 {[%emt 0:00:00]} 41. Ra2 {[%emt 0:04:40]} Bd4 {[%emt 0:06:35]} 42. Rad2 {[%emt 0:01:30]} f5 {[%emt 0:10:10]} 43. Qe1 {[%emt 0:01:34]} Qc6+ {[%emt 0:00:01]} 44. Ke2 {[%emt 0:00:09]} Qd5 {[%emt 0:02:01]} 45. Kd1 {[%emt 0:02:48]} Ra7 {[%emt 0:01:52]} 46. Qf1 {[%emt 0:02:11]} Ke8 {[%emt 0:08:14]} 47. Qf3 {[%emt 0:01:30]} Kd8 {[%emt 0:00:24]} 48. Ke2 {[%emt 0:01:31]} Rb4 {[%emt 0:01:05]} 49. Kd1 {[%emt 0:10:02]} Ra6 {[%emt 0:01:10]} 50. Qe2 {[%emt 0:00:45]} Qh1+ {[%emt 0:01:18]} 51. Qe1 {[%emt 0:01:43]} Qe4 {[%emt 0:00:01]} 52. Qf1 {[%emt 0:01:49]} Rxc4 {[%emt 0:00:28]} 53. bxc4 {[%emt 0:00:34]} Rxa5 {[%emt 0:00:01]} 54. Rc2 {[%emt 0:01:40]} Be3 {[%emt 0:01:37]} 55. Ke2 {[%emt 0:02:36]} Ra1 {[%emt 0:00:45]} 56. Qxa1 {[%emt 0:01:07]} Bd4+ {[%emt 0:00:13]} 57. Kd2 {[%emt 0:00:09]} Bxa1 {[%emt 0:00:26]} 58. Re3 {[%emt 0:00:08]} Qh1 {[%emt 0:02:09]} 59. Rc1 {[%emt 0:00:24]} Qg2+ {[%emt 0:01:01]} 60. Re2 {[%emt 0:00:06]} Qa8 {[%emt 0:00:12]} 61. Rxe6 {[%emt 0:00:20]} Bd4 {[%emt 0:00:31]} 62. Rc2 {[%emt 0:00:33]} Kd7 {[%emt 0:00:54]} 63. Re2 {[%emt 0:01:04]} Qa5+ {[%emt 0:00:13]} 64. Kd3 {[%emt 0:00:18]} Qa3+ {[%emt 0:00:04]} 65. Kd2 {[%emt 0:00:07]} Kxd6 {[%emt 0:00:02]} 66. Ke1 {[%emt 0:00:24]} Qf3 {[%emt 0:00:20]} 67. Kd2 {[%emt 0:00:11]} h4 {[%emt 0:00:08]} 0-1

[Event "POL-chT 1st League 2020"]
[Site "Ustron"]
[Date "2020.09.07"]
[Round "3.16"]
[White "Godzwon, Iwo"]
[Black "Reza, Wojciech"]
[Result "1/2-1/2"]
[WhiteElo "2317"]
[BlackElo "2273"]
[Annotator "ChessBase"]
[PlyCount "98"]
[EventDate "2020.09.05"]
[EventType "team-tourn"]
[EventCountry "POL"]
[SourceTitle "playchess.com"]
[Source "ChessBase"]
[SourceQuality "1"]
[WhiteTeam "UKS RODLO Opole"]
[BlackTeam "Gostmat Gostynin"]
[WhiteTeamCountry "POL"]
[BlackTeamCountry "POL"]
[TimeControl "40/5400+30:1800+30"]

1. e4 {[%emt 0:00:00]} c5 {[%emt 0:00:23]} 2. Nf3 {[%emt 0:00:00]} Nc6 {[%emt 0:00:25]} 3. d4 {[%emt 0:00:00]} cxd4 {[%emt 0:00:08]} 4. Nxd4 {[%emt 0:00:00]} Nf6 {[%emt 0:01:00]} 5. Nc3 {[%emt 0:00:00]} d6 {[%emt 0:00:45]} 6. Bg5 {[%emt 0:00:08]} e6 {[%emt 0:02:10]} 7. Qd2 {[%emt 0:01:47]} a6 {[%emt 0:00:44]} 8. O-O-O {[%emt 0:02:45]} Bd7 {[%emt 0:00:31]} 9. f3 {[%emt 0:02:46]} h6 {[%emt 0:27:06]} 10. Be3 {[%emt 0:00:04]} Be7 {[%emt 0:03:06]} 11. g4 {[%emt 0:00:11]} Rc8 {[%emt 0:18:02]} 12. h4 {[%emt 0:00:51]} Nxd4 {[%emt 0:05:15]} 13. Bxd4 {[%emt 0:11:27]} Qa5 {[%emt 0:10:41]} 14. Kb1 {[%emt 0:05:36]} e5 {[%emt 0:04:23]} 15. Be3 {[%emt 0:00:20]} Be6 {[%emt 0:00:24]} 16. Nd5 {[%emt 0:10:32]} Qxd2 {[%emt 0:00:08]} 17. Nxf6+ {[%emt 0:00:00]} Bxf6 {[%emt 0:01:07]} 18. Rxd2 {[%emt 0:00:00]} Rc6 {[%emt 0:01:42]} 19. Be2 {[%emt 0:09:07]} Bd8 {[%emt 0:02:23]} 20. f4 {[%emt 0:03:40]} Ba5 {[%emt 0:18:08]} 21. c3 {[%emt 0:02:32]} Bc4 {[%emt 0:00:40]} 22. Bf3 {[%emt 0:00:39]} Bb6 {[%emt 0:00:51]} 23. Bxb6 {[%emt 0:06:27]} Rxb6 {[%emt 0:00:06]} 24. f5 {[%emt 0:15:45]} f6 {[%emt 0:00:48]} 25. b3 {[%emt 0:12:47]} Bf7 {[%emt 0:00:16]} 26. c4 {[%emt 0:06:39]} Ke7 {[%emt 0:00:27]} 27. Ka1 {[%emt 0:00:34]} Rc6 {[%emt 0:00:15]} 28. Rhd1 {[%emt 0:00:25]} b6 {[%emt 0:01:07]} 29. Be2 {[%emt 0:01:09]} g6 {[%emt 0:00:50]} 30. Bd3 {[%emt 0:01:12]} Rg8 {[%emt 0:00:17]} 31. Rg1 {[%emt 0:00:32]} a5 {[%emt 0:00:44]} 32. Rdg2 {[%emt 0:00:16]} g5 {[%emt 0:00:31]} 33. hxg5 {[%emt 0:01:46]} Rxg5 {[%emt 0:00:22]} 34. Be2 {[%emt 0:00:58]} Rc8 {[%emt 0:00:14]} 35. Kb2 {[%emt 0:01:06]} Rcg8 {[%emt 0:00:05]} 36. Kc3 {[%emt 0:00:30]} h5 {[%emt 0:00:16]} 37. Bf3 {[%emt 0:00:03]} hxg4 {[%emt 0:00:57]} 38. Rxg4 {[%emt 0:00:04]} Rxg4 {[%emt 0:00:05]} 39. Rxg4 {[%emt 0:00:00]} Rxg4 {[%emt 0:00:00]} 40. Bxg4 {[%emt 0:00:00]} Be8 {[%emt 0:00:00]} 41. Kd3 {[%emt 0:10:53]} Kf8 {[%emt 0:03:14]} 42. Bd1 {[%emt 0:01:21]} Kg7 {[%emt 0:02:11]} 43. Ke3 {[%emt 0:00:02]} Kh6 {[%emt 0:00:23]} 44. Kf2 {[%emt 0:00:02]} Kg5 {[%emt 0:01:24]} 45. Kg3 {[%emt 0:00:03]} Bc6 {[%emt 0:05:16]} 46. Bc2 {[%emt 0:02:40]} Bd7 {[%emt 0:04:23]} 47. a4 {[%emt 0:00:18]} Bc6 {[%emt 0:05:03]} 48. Bd3 {[%emt 0:00:05]} Be8 {[%emt 0:00:11]} 49. Be2 {[%emt 0:00:03]} Bc6 {[%emt 0:01:33]} 1/2-1/2

[Event "POL-chT 1st League 2020"]
[Site "Ustron"]
[Date "2020.09.07"]
[Round "3.17"]
[White "Renkowski, Piotr"]
[Black "Kowalczyk, Pawel"]
[Result "0-1"]
[WhiteElo "2149"]
[BlackElo "2339"]
[Annotator "ChessBase"]
[PlyCount "52"]
[EventDate "2020.09.05"]
[EventType "team-tourn"]
[EventCountry "POL"]
[SourceTitle "playchess.com"]
[Source "ChessBase"]
[SourceQuality "1"]
[WhiteTeam "Gostmat Gostynin"]
[BlackTeam "UKS RODLO Opole"]
[WhiteTeamCountry "POL"]
[BlackTeamCountry "POL"]
[TimeControl "40/5400+30:1800+30"]

1. e4 {[%emt 0:00:00]} d5 {[%emt 0:00:00]} 2. exd5 {[%emt 0:00:17]} Nf6 {[%emt 0:00:00]} 3. d4 {[%emt 0:01:21]} Nxd5 {[%emt 0:00:00]} 4. Nf3 {[%emt 0:01:04]} Bf5 {[%emt 0:00:38]} 5. Bd3 {[%emt 0:08:58]} Bxd3 {[%emt 0:00:50]} 6. Qxd3 {[%emt 0:00:02]} e6 {[%emt 0:00:16]} 7. O-O {[%emt 0:05:59]} c6 {[%emt 0:06:47]} 8. c3 {[%emt 0:01:19]} Bd6 {[%emt 0:01:04]} 9. Nbd2 {[%emt 0:01:21]} O-O {[%emt 0:00:14]} 10. Ne4 {[%emt 0:00:55]} h6 {[%emt 0:00:05]} 11. Ne5 {[%emt 0:07:06]} Bc7 {[%emt 0:14:50]} 12. Qh3 {[%emt 0:08:51]} Nd7 {[%emt 0:06:38]} 13. f4 {[%emt 0:27:24]} N7f6 {[%emt 0:04:36]} 14. Nxf6+ {[%emt 0:01:32]} Nxf6 {[%emt 0:00:17]} 15. Be3 {[%emt 0:01:17]} Qd5 {[%emt 0:07:50]} 16. f5 {[%emt 0:05:20]} Rae8 {[%emt 0:01:43]} 17. Bxh6 {[%emt 0:04:08]} gxh6 {[%emt 0:08:45]} 18. Qxh6 {[%emt 0:00:23]} Bxe5 {[%emt 0:00:07]} 19. dxe5 {[%emt 0:01:41]} Qxe5 {[%emt 0:05:07]} 20. Rae1 {[%emt 0:00:43]} Ng4 {[%emt 0:00:38]} 21. Qh4 {[%emt 0:10:19]} Qc5+ {[%emt 0:00:09]} 22. Kh1 {[%emt 0:00:01]} exf5 {[%emt 0:00:12]} 23. h3 {[%emt 0:02:11]} Rxe1 {[%emt 0:01:13]} 24. Rxe1 {[%emt 0:02:02]} Nf2+ {[%emt 0:00:19]} 25. Kh2 {[%emt 0:00:01]} Qd6+ {[%emt 0:00:07]} 26. Kg1 {[%emt 0:00:02]} Ne4 {[%emt 0:00:08]} 0-1

[Event "POL-chT 1st League 2020"]
[Site "Ustron"]
[Date "2020.09.07"]
[Round "3.18"]
[White "Starosta, Martyna"]
[Black "Dwilewicz, Katarzyna"]
[Result "1/2-1/2"]
[WhiteElo "2038"]
[BlackElo "2134"]
[Annotator "ChessBase"]
[PlyCount "122"]
[EventDate "2020.09.05"]
[EventType "team-tourn"]
[EventCountry "POL"]
[SourceTitle "playchess.com"]
[Source "ChessBase"]
[SourceQuality "1"]
[WhiteTeam "UKS RODLO Opole"]
[BlackTeam "Gostmat Gostynin"]
[WhiteTeamCountry "POL"]
[BlackTeamCountry "POL"]
[TimeControl "40/5400+30:1800+30"]

1. e4 {[%emt 0:00:00]} e5 {[%emt 0:00:00]} 2. Nf3 {[%emt 0:00:00]} Nc6 {[%emt 0:00:00]} 3. Bb5 {[%emt 0:00:00]} Nf6 {[%emt 0:00:00]} 4. O-O {[%emt 0:03:59]} Nxe4 {[%emt 0:00:14]} 5. d4 {[%emt 0:00:19]} Nd6 {[%emt 0:00:46]} 6. Bxc6 {[%emt 0:00:07]} dxc6 {[%emt 0:00:06]} 7. dxe5 {[%emt 0:00:05]} Nf5 {[%emt 0:00:06]} 8. Qxd8+ {[%emt 0:00:19]} Kxd8 {[%emt 0:00:07]} 9. h3 {[%emt 0:00:20]} h5 {[%emt 0:00:48]} 10. b3 {[%emt 0:00:18]} Ke8 {[%emt 0:00:43]} 11. Bb2 {[%emt 0:00:24]} Be7 {[%emt 0:03:52]} 12. Nbd2 {[%emt 0:10:05]} Rh6 {[%emt 0:06:08]} 13. Ne4 {[%emt 0:03:15]} b6 {[%emt 0:11:47]} 14. c4 {[%emt 0:05:45]} Rg6 {[%emt 0:13:17]} 15. Kh2 {[%emt 0:03:28]} Bb7 {[%emt 0:03:05]} 16. c5 {[%emt 0:17:48]} Rd8 {[%emt 0:08:49]} 17. Rac1 {[%emt 0:06:02]} Rd5 {[%emt 0:07:13]} 18. b4 {[%emt 0:01:47]} Bc8 {[%emt 0:04:10]} 19. Rfe1 {[%emt 0:02:46]} Kf8 {[%emt 0:01:36]} 20. Rc2 {[%emt 0:06:15]} Rd3 {[%emt 0:04:46]} 21. Rc3 {[%emt 0:03:16]} Ba6 {[%emt 0:05:43]} 22. Rec1 {[%emt 0:04:26]} Rxc3 {[%emt 0:12:16]} 23. Rxc3 {[%emt 0:02:44]} Bb7 {[%emt 0:02:53]} 24. Ra3 {[%emt 0:01:14]} a6 {[%emt 0:00:21]} 25. Rd3 {[%emt 0:00:56]} Ke8 {[%emt 0:00:38]} 26. Nfd2 {[%emt 0:01:34]} b5 {[%emt 0:05:11]} 27. Nf3 {[%emt 0:05:03]} Bc8 {[%emt 0:00:55]} 28. Ned2 {[%emt 0:06:44]} a5 {[%emt 0:04:08]} 29. bxa5 {[%emt 0:03:18]} Bxc5 {[%emt 0:00:06]} 30. Bd4 {[%emt 0:03:35]} Nxd4 {[%emt 0:00:51]} 31. Nxd4 {[%emt 0:00:12]} Bxd4 {[%emt 0:00:47]} 32. Rxd4 {[%emt 0:00:04]} c5 {[%emt 0:00:25]} 33. Rh4 {[%emt 0:01:45]} Bb7 {[%emt 0:01:19]} 34. f3 {[%emt 0:01:18]} Rg5 {[%emt 0:01:07]} 35. a4 {[%emt 0:02:36]} b4 {[%emt 0:02:31]} 36. Rc4 {[%emt 0:04:48]} Rxe5 {[%emt 0:00:02]} 37. Nb3 {[%emt 0:00:18]} Ba6 {[%emt 0:00:59]} 38. Rxc5 {[%emt 0:00:44]} Rxc5 {[%emt 0:00:12]} 39. Nxc5 {[%emt 0:00:05]} Bc4 {[%emt 0:00:25]} 40. a6 {[%emt 0:00:00]} Bd5 {[%emt 0:00:00]} 41. a7 {[%emt 0:04:15]} Ke7 {[%emt 0:16:29]} 42. Kg3 {[%emt 0:18:52]} Kd6 {[%emt 0:00:47]} 43. Nb3 {[%emt 0:00:45]} c5 {[%emt 0:00:52]} 44. Nd2 {[%emt 0:04:25]} Kc7 {[%emt 0:06:02]} 45. Nc4 {[%emt 0:01:10]} Ba8 {[%emt 0:02:00]} 46. Kf4 {[%emt 0:01:35]} f6 {[%emt 0:03:30]} 47. Kf5 {[%emt 0:00:13]} Kb7 {[%emt 0:01:16]} 48. Ke6 {[%emt 0:00:07]} Kxa7 {[%emt 0:00:05]} 49. Kd6 {[%emt 0:00:07]} b3 {[%emt 0:01:44]} 50. Kxc5 {[%emt 0:00:09]} g5 {[%emt 0:00:40]} 51. Kb4 {[%emt 0:00:37]} h4 {[%emt 0:01:49]} 52. Kxb3 {[%emt 0:00:57]} g4 {[%emt 0:00:47]} 53. Ne3 {[%emt 0:01:21]} gxf3 {[%emt 0:00:51]} 54. gxf3 {[%emt 0:00:06]} Bxf3 {[%emt 0:00:04]} 55. Nf5 {[%emt 0:00:06]} Bg2 {[%emt 0:00:12]} 56. Nxh4 {[%emt 0:00:04]} Bxh3 {[%emt 0:00:06]} 57. Kc4 {[%emt 0:00:09]} Kb6 {[%emt 0:00:51]} 58. Kd5 {[%emt 0:00:17]} Ka5 {[%emt 0:00:33]} 59. Kd6 {[%emt 0:00:11]} Kxa4 {[%emt 0:00:05]} 60. Ke7 {[%emt 0:00:05]} f5 {[%emt 0:00:05]} 61. Nxf5 {[%emt 0:00:04]} Bxf5 {[%emt 0:00:04]} 1/2-1/2

[Event "POL-chT 1st League 2020"]
[Site "Ustron"]
[Date "2020.09.07"]
[Round "3.19"]
[White "Kuzmicz, Krystian"]
[Black "Szwed, Jacek"]
[Result "0-1"]
[WhiteElo "2468"]
[BlackElo "2380"]
[Annotator "TA"]
[PlyCount "76"]
[EventDate "2020.09.05"]
[EventType "team-tourn"]
[EventCountry "POL"]
[SourceTitle "playchess.com"]
[Source "ChessBase"]
[SourceQuality "1"]
[WhiteTeam "Bialy Krol Wisznia Mala"]
[BlackTeam "MKSz Rybnik"]
[WhiteTeamCountry "POL"]
[BlackTeamCountry "POL"]

{[%evp 19,76,8,0,0,0,0,4,-35,-26,-54,-29,-15,-19,-52,-55,-150,-138,-150,-150,-154,-74,-229,-233,-420,-371,-818,-437,-419,-345,-331,-309,-607,-597,-571,-329,-389,-398,-398,-427,-412,-389,-586,-589,-509,-410,-568,-565,-860,-853,-684,-301,-532,0,-29988,-29989,-29992,-29993,-29993,-891]} 1. g3 c5 2. Bg2 Nc6 3. e4 g6 4. d3 Bg7 5. f4 d6 6. Nf3 e5 7. O-O Nge7 8. Nc3 O-O 9. f5 gxf5 10. Nh4 Nd4 11. exf5 {B25: Closed Sicilian: 3 g3, lines without early Be3.} Nexf5 12. Nxf5 Bxf5 13. Bxb7 {The position is equal.} Rb8 {[#]} (13... Bh3 {with more complications.} 14. Rf2 f5 15. Bh1 Qe8 16. Nd5 Rb8) 14. Bd5 $146 ({Predecessor:} 14. Bg2 Bg6 15. Nd5 f5 16. c3 Ne6 17. Rf2 Nc7 18. Be3 Nxd5 19. Bxd5+ Bf7 20. Qf3 {½-½ (36) Egedi,I (2321)-Kaman,A (2211) Hungary 2007}) 14... Qd7 15. Rf2 $1 Kh8 16. Qf1 Be6 17. Qg2 {[#]} (17. Kh1 $15) 17... Bh3 $1 $36 {[%cal Rh3g2][%mdl 2048] Black is on the roll.} 18. Qe4 Bg4 19. h3 {[#]} Bxh3 (19... Be6 $142 $1 20. Qh4 f5) 20. Qh1 $2 (20. Qh4 $17 {keeps fighting.} Qg4 21. Qxg4 Bxg4 22. Ne4) 20... Qg4 $19 21. Qh2 $2 (21. Kh2) 21... f5 22. Kh1 $2 (22. Bg2 Bxg2 23. Qxg2) 22... Rf6 23. Be3 Bh6 24. Bxd4 Qxd4 25. Ne4 $2 (25. Bc4 Rg6 26. Re1) 25... Qxd5 {[%mdl 64] Pin} 26. Qxh3 Rbf8 27. c4 Qb7 {[%mdl 64] Pin} 28. Raf1 Bf4 $1 ({Stronger than} 28... fxe4 29. Rxf6 exd3+ 30. Qg2 $16) 29. gxf4 fxe4 30. Rg2 (30. dxe4 {was forced.} Qxe4+ {[%mdl 64] Double Attack} 31. Kh2) 30... exf4 {Hoping for ...f3.} 31. dxe4 Qxe4 32. Rf3 Qxc4 33. Qh5 Qe4 34. Kh2 Qf5 (34... d5 $142 35. Qh3 d4) 35. Rg5 $2 (35. Qxf5 {was worth a try.} Rxf5 36. Kg1) 35... Qe4 $2 (35... Qc2+ $19 36. Rg2 Qe4) 36. Rh3 $2 {[%mdl 8192]} (36. Rg2 $11 Re6 37. Qg4) 36... f3 {Black mates.} 37. Rgg3 f2 38. Qg5 f1=N+ {[%mdl 64] Double Attack. Accuracy: White = 26%, Black = 58%.} 0-1

[Event "POL-chT 1st League 2020"]
[Site "Ustron"]
[Date "2020.09.07"]
[Round "3.20"]
[White "Zylka, Stanislaw"]
[Black "Butkiewicz, Lukasz"]
[Result "1-0"]
[WhiteElo "2377"]
[BlackElo "2393"]
[Annotator "TA"]
[PlyCount "127"]
[EventDate "2020.09.05"]
[EventType "team-tourn"]
[EventCountry "POL"]
[SourceTitle "playchess.com"]
[Source "ChessBase"]
[SourceQuality "1"]
[WhiteTeam "MKSz Rybnik"]
[BlackTeam "Bialy Krol Wisznia Mala"]
[WhiteTeamCountry "POL"]
[BlackTeamCountry "POL"]

{[%evp 9,127,14,20,0,12,10,18,-6,-6,-6,30,30,21,27,25,26,28,17,56,51,75,15,21,15,20,16,17,3,16,-64,-49,-56,-40,-41,-23,-35,0,0,0,-23,66,67,30,0,22,0,0,-37,-27,-52,-44,-48,-45,-38,-8,0,0,0,0,-64,0,0,37,15,16,0,0,0,7,0,0,0,78,64,96,103,120,59,137,95,102,103,98,106,101,95,112,0,116,0,104,76,149,0,87,98,77,58,39,-6,311,315,304,264,230,231,259,248,760,643,657,673,547,446,368,323,705,695,6532,4998]} 1. d4 Nf6 2. c4 e6 3. Nc3 Bb4 4. Bf4 O-O 5. e3 d6 6. Nf3 {E20: Nimzo-Indian: 4 g3 and 4 f3.} Nbd7 7. Be2 b6 {[#]} 8. O-O $146 {The position is equal.} ({Predecessor:} 8. Nd2 Bb7 9. O-O e5 10. Bg3 exd4 11. exd4 Bxc3 12. bxc3 Re8 13. Re1 Nf8 14. Nf1 {½-½ (38) Kolanek,R (2145)-Wojcik,W (2302) ICCF email 2015}) 8... Bxc3 9. bxc3 Bb7 10. Nd2 h6 11. Qc2 e5 12. Bg3 Re8 13. Rae1 c5 14. d5 Qe7 15. e4 (15. a4 $16) 15... Nf8 $11 16. Ra1 Reb8 17. a4 Bc8 18. a5 bxa5 19. Nb3 {[#]} (19. Rxa5 $11 Ng6 20. h3) 19... Nxe4 $1 {[%mdl 512]} 20. Nxa5 (20. Qxe4 Rxb3) 20... Nxg3 21. fxg3 Rb6 22. Nc6 Qc7 23. Bd3 a6 24. Rf2 Bb7 ({Better is} 24... a5 $11) 25. Raf1 $1 $14 {[%mdl 1024] White has compensation.} f6 26. Qe2 Re8 27. Qg4 {Hoping for Rxf6.} Bc8 28. Qh4 Qf7 29. h3 Rb3 30. Qe4 Rxc3 31. g4 Rb3 32. Bc2 Rb2 33. Qe3 $36 {[%mdl 2048] Black is under pressure.} Rb7 34. Qe4 (34. Qd2 $11) 34... Rb2 (34... Bd7 $15) 35. Qe3 $11 e4 36. Qc3 Qb7 37. Qg3 Qc7 38. Qc3 Qb7 39. Qg3 Qc7 40. Qc3 Rb7 (40... Qb7 $11 {remains equal.}) 41. Re1 $16 Ng6 42. Bxe4 Ne5 {[#]} 43. Bc2 ({White should try} 43. Bg6 $1 $16 {[%mdl 512]} Re7 (43... Nxg6 44. Rxe8+) 44. Nxe7+ Qxe7 45. Bd3) 43... Qf7 (43... Kf8 $14) 44. Nxe5 Rxe5 45. Rxe5 dxe5 46. Qe3 Qe7 47. Qe4 Qf7 48. Qe3 Qe7 49. Qe4 Qf7 $1 50. Rd2 Bd7 (50... Rb8 $142) 51. Kh2 (51. Qe3 $1 $16) 51... a5 {[#]} (51... Rb4 $11) 52. Qe3 $1 Rc7 53. Be4 {Threatens to win with d6.} Rc8 $1 54. d6 {Bb7 is the strong threat.} Kf8 $2 {[%mdl 8192] This move loses the game for Black.} (54... Be6 $11) 55. Bb7 $18 Rb8 56. Bd5 Qe8 57. Qxc5 e4 {[#] Black wants to play ...Qe5+.} 58. Qd4 $1 {aiming for Rf2!} (58. Qxa5 Qe5+ 59. g3 e3 $16) 58... Rc8 $2 (58... Bc6 59. Re2 (59. Bxc6 Qxc6 60. c5 a4 $16) 59... Bxd5 60. Qxd5 Qe5+ 61. Qxe5 fxe5) 59. Re2 Qe5+ 60. Qxe5 fxe5 61. Rxe4 a4 62. Rxe5 {Black must now prevent Re7.} Rc5 $2 (62... Re8 63. Rxe8+ Bxe8) 63. Re7 Bb5 64. Rb7 {Accuracy: White = 83%, Black = 59%.} 1-0